[Event "RUS IPCA-ch"]
[Site "Adler"]
[Date "2009.10.14"]
[Round "?"]
[White "Olshansky, Alexander"]
[Black "Gureev, Vladislav"]
[Result "1-0"]
[WhiteElo "2202"]
[BlackElo "2228"]
[PlyCount "99"]
[EventDate "2009.10.07"]
[EventType "swiss"]
[EventRounds "9"]
[EventCountry "RUS"]
[SourceTitle "EXT 2023"]
[Source "ChessBase"]
[SourceDate "2022.10.05"]
[SourceVersion "1"]
[SourceVersionDate "2022.10.05"]
[SourceQuality "1"]

1. c4 Nf6 2. d4 d5 3. Nc3 g6 4. cxd5 Nxd5 5. e4 Nxc3 6. bxc3 c5 7. Bc4 Bg7 8. Ne2 Qc7 9. Bb3 0-0 10. Be3 b6 11. Rc1 Ba6 12. h4 Nd7 13. h5 Nf6 14. hxg6 hxg6 15. f3 e5 16. Kf2 Rac8 17. Ng3 Rfd8 18. d5 Kf8 19. Qd2 Ng8 20. c4 Qd6 21. Qc3 Rc7 22. a4 Bc8 23. a5 f5 24. Bd2 Rb7 25. Bc2 f4 26. Ne2 g5 27. Qb2 g4 28. axb6 axb6 29. Ba4 Bd7 30. Bxd7 Rdxd7 31. Nc3 Qg6 32. Rcg1 Bf6 33. Ke2 Bd8 34. Nb5 Rh7 35. Rxh7 Rxh7 36. Qa1 Rh2 37. Kd3 Bf6 38. Nc7 Kg7 39. Ne6+ Kh8 40. Bc3 Qh5 41. Nxf4 Qh6 42. Bxe5 Qg7 43. Bxf6 Nxf6 44. Ne6 Qg6 45. Rh1 g3 46. Rg1 Rh7 47. Qe5 Kg8 48. Re1 Re7 49. Ra1 Ne8 50. Qf5 1-0